Política para corregidores, y señores de vasallos, en tiempo de paz, y de guerra (Record no. 8677)
[ view plain ]
| 000 -CABECERA | |
|---|---|
| campo de control de longitud fija | 01312nam a2200241 a 4500 |
| 001 - NÚMERO DE CONTROL | |
| campo de control | BRCA_9026 |
| 005 - FECHA Y HORA DE LA ÚLTIMA TRANSACCIÓN | |
| campo de control | 20190320210510.0 |
| 008 - DATOS DE LONGITUD FIJA--INFORMACIÓN GENERAL | |
| campo de control de longitud fija | 250717s1704----be-#######---#000-0#spa-# |
| 041 ## - CÓDIGO DE LENGUA | |
| Código de lengua del texto/banda sonora o título independiente | spa |
| 044 ## - CÓDIGO DEL PAÍS DE LA ENTIDAD EDITORA/PRODUCTORA | |
| Código MARC del país | be |
| 084 ## - OTRO NÚMERO DE CLASIFICACIÓN | |
| Número de clasificación | LM38 |
| Número de documento/Ítem | .C37 1704 |
| 100 1# - ENTRADA PRINCIPAL--NOMBRE DE PERSONA | |
| Nombre de persona | Castillo de Bovadilla, Jerónimo |
| 9 (RLIN) | 22380 |
| 245 10 - MENCIÓN DE TÍTULO | |
| Título | Política para corregidores, y señores de vasallos, en tiempo de paz, y de guerra |
| Resto del título | y para juezes eclesiásticos y seglares, y de Sacas, Aduanas, y de Residencias, y sus Oficiales: y para Regidores, y Abogados, y del valor de los Corregimientos, y Goviernos Realengos, y de las Ordenes: tomo segundo |
| Mención de responsabilidad, etc. | autor el Licenciado Castillo de Bovadilla... |
| 260 ## - PUBLICACIÓN, DISTRIBUCIÓN, ETC. | |
| Lugar de publicación, distribución, etc. | Amberes |
| Nombre del editor, distribuidor, etc. | En casa de Iuan Bautista Verdussen, impresor y mercader de libros |
| Fecha de publicación, distribución, etc. | 1704 |
| 300 ## - DESCRIPCIÓN FÍSICA | |
| Extensión | 649 p. (t.2) |
| Dimensiones | 35.3 x 23.7 cm |
| 500 ## - NOTA GENERAL | |
| Nota general | Con Gracia y Privilegio |
| 500 ## - NOTA GENERAL | |
| Nota general | En portada: Esta añadida, y enmendada por el Autor, y los Índices mejorados |
| 500 ## - NOTA GENERAL | |
| Nota general | En portada: Y en esta ultima impression diligentemente corregida de muchas faltas que avian en las otras impressiones, y expurgada según el expurgatorio del año 1640 |
| 500 ## - NOTA GENERAL | |
| Nota general | Estado físico: presenta encuadernación en piel deteriorada y cantos en color dorado |
| 650 14 - PUNTO DE ACCESO ADICIONAL DE MATERIA--TÉRMINO DE MATERIA | |
| Término de materia o nombre geográfico como elemento de entrada | Ética política |
| Subdivisión cronológica | Siglo XVII |
| Subdivisión geográfica | España |
| 9 (RLIN) | 22381 |
| 902 ## - CATALOGADOR | |
| Iniciales | CFM |
| 942 ## - ELEMENTOS DE PUNTO DE ACCESO ADICIONAL (KOHA) | |
| Fuente del sistema de clasificación o colocación | Library of Congress Classification |
| Tipo de ítem Koha | Libros |
| Estado de retiro | Estado de pérdida | Estado dañado | No para préstamo | Localización permanente | Ubicación/localización actual | Fecha de adquisición | Total de préstamos | Signatura topográfica completa | Código de barras | Fecha visto por última vez | Precio válido a partir de | Tipo de ítem Koha |
|---|---|---|---|---|---|---|---|---|---|---|---|---|
| El ejemplar forma parte de la colección y puede ser consultado según las políticas vigentes. | Biblioteca del Museo Franz Mayer (Rogerio Casas-Alatriste) | Biblioteca del Museo Franz Mayer (Rogerio Casas-Alatriste) | 25/07/2017 | LM38 .C37 1704 | CFM00293 | 22/03/2019 | 22/03/2019 | Libros |